Engineering graphics : (Record no. 165216)

MARC details
000 -LEADER
fixed length control field 00624nam a2200193 4500
005 - DATE AND TIME OF LATEST TRANSACTION
control field 20190611170724.0
010 ## - LCCN (DPL NO)
LC control number ENG-125530
020 ## - INTERNATIONAL STANDARD BOOK NUMBER
International Standard Book Number 9789353162627
Terms of availability 425.00
035 ## - SYSTEM CONTROL NUMBER
System control number EN-109062
037 ## - SOURCE OF ACQUISITION
Source of stock number/acquisition DBAD/PUB
082 ## - DEWEY DECIMAL CLASSIFICATION NUMBER
Classification number 604.2
100 ## - MAIN ENTRY--PERSONAL NAME
Personal name Agrawal, Basant
245 ## - TITLE STATEMENT
Title Engineering graphics :
Statement of responsibility, etc by Basant Agrawal [and] CM Agrawal
260 ## - PUBLICATION, DISTRIBUTION, ETC. (IMPRINT)
Place of publication, distribution, etc Chennai
Name of publisher, distributor, etc Mc Graw Hill Education
Date of publication, distribution, etc 2019
270 ## - ADDRESS
Address 444/1, Sri Ekambara Naickr, Industrial Estate
City Alapakkam Porur, Chennai
Postal code 600116
Telephone number 18001035875
300 ## - PHYSICAL DESCRIPTION
Extent various paging.
Dimensions 24cm(pbk)
700 ## - ADDED ENTRY--PERSONAL NAME
Personal name Agrawal, CM
942 ## - ADDED ENTRY ELEMENTS (KOHA)
Source of classification or shelving scheme Dewey Decimal Classification
Item type English Books
Classification part 604.2
Call number suffix AGR
Holdings
Withdrawn status Lost status Not for loan Collection code Home library Current library Date acquired Source of acquisition Cost, normal purchase price Full call number Barcode Copy number Cost, replacement price Koha item type
      Non-fiction Shahdara Branch Shahdara Branch 11/06/2019 DBAD/PUB 425.00 604.2 AGR EN-109062 1 425.00 English Books

© Delhi Public Library
Hit Counter
free hit counter